| 000 | 00580nam a2200193 a 4500 | ||
|---|---|---|---|
| 001 | BRCA_3682 | ||
| 005 | 20190320204400.0 | ||
| 008 | 030909s1973----mx-a---###---#000-0#spa-# | ||
| 041 | _aspa | ||
| 044 | _amx | ||
| 050 | 4 |
_aF1226 _b.G35 1973 |
|
| 100 | 1 |
_aGallo Sarlat, Joaquín _99560 |
|
| 245 | 1 | 0 |
_aUn año mas y un año menos _cJoaquín Gallo Sarlat. |
| 260 |
_aMéxico _bLibros de México _c1973 |
||
| 300 |
_a116 p. _bil. _c24 cm. |
||
| 651 | 4 |
_aMéxico (Ciudad) _xVida social y costumbres _ySiglo XX _99561 |
|
| 651 | 4 |
_aMéxico (Ciudad) _xVida cotidiana _99562 |
|
| 942 |
_2lcc _cB |
||
| 999 |
_c3414 _d3414 |
||